000 01659nam a2200301Ia 4500
999 _c35735
_d35735
001 1611
003 GE_BSU
005 20210517134053.0
008 181216s2001||||ge |||||||||||||| ||geo||
020 _a999288634X
040 _cGE_BSU
041 _ageo
080 _a621.396+621.395 ც-76
245 _aციფრული გადაცემის თანამდროვე ტექნოლოგიები /
_c[ნ. თამაზაშვილი, ნ. გოთუა, თ. ვეკუა და სხვ.] ; რედ.ნ.თამზაშვილი.
264 _aთბილისი:
_bდედა ენა,
_c2001.
300 _a271 გვ;
_b ნახ. ;
_c20 სმ.
504 _aბიბლიოგრ.: გვ. 267-270
653 _aციფრული გადაცემის თანამედროვე ტექნოლოგიები
653 _aინფორმაციის გადაცემის ციფრული სისტემები
653 _aტელეკომუნიკაციის სისტემები
653 _aპლეზიოქრი იერარქია
653 _aსინქრონული ოპტიკური ქსელი. სინქრონული ციფრული იერარქია. ATM ქსელები.
700 _aთამაზაშვილი, ნ
_91108
700 _aგოთუა, თ.
_911812
700 _a ვეკუა და სხვ.
_911813
700 _aთამაზაშვილი, ნ
_eრედაქციით
_91108
942 _cBK
_2udc